Responses for show #5077 - Tuesday, October 10, 2006

Contestants

David Dietz, an aerospace engineer from Wichita, Kansas

Kathleen Fuller, a freelance writer from Champaign, Illinois

Sherman Lo, a researcher from San Mateo, California (whose 1-day cash winnings total $15,201)

Jeopardy! Round responses

EUROPEAN COUNTRIES
ONE-WORD MOVIE TITLES
I AM CURIOUS: YELLOW
FACES OF AMERICA
"D"-VIDE
CONQUER
    $200 22
(Kathleen: What is the Czech Republic?)

Austria

ShermanKathleen
    $200 9
Speed

Kathleen
    $200 30
a zebra

Kathleen
    $200 2
Will Rogers

Sherman
    $200 16
Dijon

David
    $200 1
William

Kathleen
    $400 7
(Kathleen: What is Hungary?)

Romania

ShermanKathleen
    $400 10
Click

David
    $400 26
Canada

Sherman
    $400 15
J. Edgar Hoover

David
    $400 17
a dromedary

Kathleen
    $400 3
(David: Who is Darius?)

Alexander the Great

ShermanDavid
    $600 8
Italy

Kathleen
    $600 11
Alien

David
    $600 27
tennis

Kathleen
    $600 24
Geronimo

David
    $600 18
Death

Kathleen
    $600 4
Joshua

Sherman
    $800 14
Belgium

Kathleen
    $800 12
Twister

Sherman
    $800 29
(Kathleen: What is "The Bonnie Blue Flag"?)

"The Yellow Rose of Texas"

KathleenDavid
    $800 23
(Frederick) Douglass

Sherman
    $800 19
Dalmatia

David
    $800 5
the Moors

Sherman
    $1,200 21
(Sherman: What is the [*]?)
(Alex: Or [*]. Yes, that's what they prefer. Just [*].)

Ukraine

Sherman
    $1000 13
Platoon

Kathleen
    $1000 28
jaundiced

Kathleen
    $1000 25
(Andrew) Young

Sherman
    $1000 20
Dunsinane

Sherman
    $1000 6
France

Sherman

Scores at the first commercial break (after clue 15):

Sherman Kathleen David
$4,200 $2,400 $1,000

Scores at the end of the Jeopardy! Round:

Sherman Kathleen David
$8,800 $4,200 $3,400

Double Jeopardy! Round responses

PHYSICAL SCIENCE
SONG NAMES
FDR
WHAT THE "H"?
JANE EYRE'S WEDDING REGISTRY
FREE SPEECH
    $400 22
heat

Kathleen
    $400 10
Billy

Kathleen
    $400 6
an ashtray

David
    $400 1
Holland

David
    $400 12
the pianoforte

David
    $400 24
parole

Kathleen
    $800 17
metals

Sherman
    $800 15
Bette Davis

Kathleen
    $800 7
Mein Kampf

Kathleen
    $800 2
(Ernest) Hemingway

Sherman
    $800 13
pearls

David
    $4,000 25
(Alex: Well, try as you and David might, you are still trailing Sherman by considerable margins. But you could take the lead away from him right now.)
...
(Kathleen: What is release?)

loose

Kathleen
    $1200 18
spectrum

David
    $1200 16
Eileen

Sherman
    $1200 8
(Kathleen: What is Spain?)

Mexico

ShermanKathleen
    $1200 3
(Winslow) Homer

Sherman
    $1200 14
(Alex: For Rochester.)

R

Kathleen
    $1200 30
(David: What is women's lib?)
(Kathleen: What is women's [*]?)
(Alex: The Politics of Women's [*]? You are correct.)

liberation

KathleenDavid
    $1600 19
transition

Kathleen
    $1600 20
Billie Joe

David
    $4,000 9
(Alex: A big opportunity for you, Sherman. You can make it very difficult for Kathleen and David to catch up.)

the atomic bomb

Sherman
    $1600 4
Helvetica

Sherman
    $1600 29
a ward

Kathleen
    $1600 26
(Kathleen: What is the... what is the free release?)
...
(Alex: You said it a moment ago, the [*], not the free [*].)

the release point

Kathleen
Triple Stumper
    $2000 23
velocity

Sherman
    $2000 21
Jack

Triple Stumper
    $2000 11
(Alex: His dog, yes.)

Fala

Kathleen
    $2000 5
a hyperbaric chamber

Kathleen
    $2000 28
Thornfield

Triple Stumper
    $2000 27
letting go

Triple Stumper

Scores at the end of the Double Jeopardy! Round:

Sherman Kathleen David
$21,600 $9,800 $7,000
(lock game)

[wagering suggestions for these scores]

Final Jeopardy! Round responses

CLASSIC CARTOON CHARACTERS
(Alex: Keep in mind that humor in 1935 was quite different from humor today.)
...
(Alex: It was [*]. They were known as [*] and Beans. [*] and Beans. 1935 humor. I wasn't around! Don't blame me!)
(Sherman: That's horrible.)
DavidWho is Felix the Cat
$7,000
KathleenWho was Krazy Kat?
$9,800
ShermanWho is Jerry?
$1,600
Porky Pig

Final scores:

Sherman Kathleen David
$20,000 $0 $0
2-day champion: $35,201 2nd place: $2,000 3rd place: $1,000

Game dynamics:

Coryat scores:

Sherman Kathleen David
$19,000 $13,800 $7,000
21 R
(including 2 DDs),
0 W
21 R,
6 W
(including 1 DD)
13 R,
2 W

Combined Coryat: $39,800

The J! Archive is created by fans, for fans. The Jeopardy! game show and all elements thereof, including but not limited to copyright and trademark thereto, are the property of Jeopardy Productions, Inc. and are protected under law. This website is not affiliated with, sponsored by, or operated by Jeopardy Productions, Inc. Join the discussion at JBoard.tv.